Fotografía digital.

Salvato in:
Dettagli Bibliografici
Autore principale: Martos Rubio, Ana (autora)
Natura: Libro
Pubblicazione: Madrid, España: Anaya Multimedia, 2011.
Serie:Informática para mayores.
Soggetti:
Tags: Aggiungi Tag
Nessun Tag, puoi essere il primo ad aggiungerne!!

MARC

LEADER 00000nam a22000007a 4500
003 CL-VaPUC
005 20250407202435.0
008 250304t2011 ||||| |||| 00| 0 eng d
999 |c 447077  |d 447075 
020 |a 978-84-415-2850-5 
040 |c Pontificia Universidad Católica de Valparaíso 
082 |a 775 MAR 2011 
100 |9 599038  |a Martos Rubio, Ana  |e autora 
245 |a Fotografía digital. 
260 |a Madrid, España:  |b Anaya Multimedia,  |c 2011. 
300 |a 126 páginas:  |b ilustraciones, fotografías. 
490 |a Informática para mayores. 
500 |a c.1-c.2. Instituto Arcos.08-01-2025. 
583 |c 20250304  |k Gabriela Rodríguez Cuevas 
650 0 |9 475074  |a Fotografía digital  |x Técnica  
650 0 |9 889144  |a Procesamiento de imágenes   |v Manuales  |x Técnicas digitales 
942 |2 ddc  |c BK  |n 0 
952 |0 0  |1 0  |2 ddc  |4 0  |6 775_000000000000000_MAR_2011  |7 0  |8 A  |9 600525  |a BIBINC  |b BIBINC  |d 2025-03-04  |e Instituto Arcos  |i 5665390  |o 775 MAR 2011  |p 5665390  |r 2025-03-04  |t 1  |w 2025-03-04  |y BK  |k IFP 
952 |0 0  |1 0  |2 ddc  |4 0  |6 775_000000000000000_MAR_2011  |7 0  |8 A  |9 600526  |a BIBINC  |b BIBINC  |d 2025-03-04  |e Instituto Arcos  |i 5665391  |o 775 MAR 2011  |p 5665391  |r 2025-03-04  |t 2  |w 2025-03-04  |y BK  |k IFP